书目信息 |
| 题名: |
司马迁政治思想通论
|
|
| 作者: | 朱枝富 著 | |
| 分册: | ||
| 出版信息: | 延吉 延边大学出版社 |
|
| 页数: | ||
| 开本: | ||
| 丛书名: | ||
| 单 册: | ||
| 中图分类: | K204.2 | |
| 科图分类: | ||
| 主题词: | 中国--通史 | |
| 电子资源: | ||
| ISBN: | 7-5634-1148-8 | |
| 000 | 00495nam0 2200169 450 | |
| 001 | 0639483047 | |
| 005 | 20070725145328.17 | |
| 010 | @a7-5634-1148-8@dCNY29.80 | |
| 100 | @a20060927d km y0chiy0120 ea | |
| 101 | 0 | @achi |
| 200 | 1 | @a司马迁政治思想通论@Asi ma qian zheng zhi si xiang tong lun@f朱枝富 著@Fzhu zhi fu zhu |
| 210 | @a延吉@c延边大学出版社 | |
| 606 | 0 | @a中国@x通史 |
| 690 | @aK204.2@v3 | |
| 701 | 0 | @a朱枝富@Azhu zhi fu@4著 |
| 801 | 0 | @aCN@bNISOFT@c20070725 |
| 905 | @a10447@dK204.2@e100 | |
| 司马迁政治思想通论/朱枝富 著.-延吉:延边大学出版社 |
| ISBN 7-5634-1148-8:CNY29.80 |
| ● |
| 相关链接 |
|
|
|
|
正题名:司马迁政治思想通论
索取号:K204.2/100
 
预约/预借
| 序号 | 登录号 | 条形码 | 馆藏地/架位号 | 状态 | 备注 |
| 1 | 0422468 | 204224687 | 密集书库/ [索取号:K204.2/100] | 在馆 | |
| 2 | 0784413 | 207844136 | 第二借阅区/ [索取号:K204.2/100] | 在馆 | |
| 3 | 0784414 | 207844145 | 第二借阅区/ [索取号:K204.2/100] | 在馆 | |
| 4 | 0784415 | 207844154 | 第二借阅区/ [索取号:K204.2/100] | 在馆 | |
| 5 | 0784416 | 207844163 | 第二借阅区/ [索取号:K204.2/100] | 在馆 | |
| 6 | 0785310 | 207853107 | 第二借阅区/ [索取号:K204.2/100] | 在馆 |